| 000 | 00689nam a2200181 a 4500 | ||
|---|---|---|---|
| 005 | 20250809063837.0 | ||
| 008 | 991125s1969 ea 000 0 eng u | ||
| 035 | _aUPN01000059011 | ||
| 049 | _aCG | ||
| 050 | 4 |
_aP51 _bL3.9 |
|
| 100 | 1 | _aLane, Harlan L. | |
| 245 | 1 | 4 |
_aThe world's research in language learning : _bpart 1 : Europe / _cHarlan L. Lane and Guy C. Capelle ; with the assistance of the United Nation Educational, Scientific, and Cultural Organization. |
| 260 |
_aAnn Arbor [E.U.A.] : _bCenter for Research on Language and Language Behavior, _c1969. |
||
| 300 | _axii, 146 p. | ||
| 650 | 2 |
_aInvestigación lingüística _920 |
|
| 700 | 1 |
_aCapelle, Guy _939930 |
|
| 905 | _aLibro | ||
| 999 |
_c59011 _d59011 |
||